000 00698nam a22002297a 4500
001 39705
003 UA-OsUOA
005 20211014212256.0
007 ta
008 20060626b un ||||| |||| 00| 0 ukr d
040 _aUA-OsUOA
_brus
_cUA-OsUOA
_dUA-OsUOA
041 _arus
080 _a930.1(470+571)(091)
090 _a930.1(470+571)(091)
_bП48
100 _aПокровский Н. Н.
245 _aИсследования по истории общественного сознания эпохи феодализма в России
260 _aНовосибирск
_bНаука
_c1984
300 _a248 с.
650 7 _a94 Історія
_2UDC
942 _cBK
_2udc
955 _a1
999 _c325845
_d325845